| 000 | 00589cam a2200157 4500500 | ||
|---|---|---|---|
| 005 | 20260329020442.0 | ||
| 041 | _afre | ||
| 042 | _adc | ||
| 100 | 1 | 0 |
_aBaudrant, Annie _eauthor |
| 700 | 1 | 0 |
_aFrigerio, Jean-Marc _eauthor |
| 700 | 1 | 0 |
_aMonnereau, Cyrille _eauthor |
| 700 | 1 | 0 |
_aThorel, Alain _eauthor |
| 245 | 0 | 0 | _aNanosciences : réglementation, sécurité et toxicité |
| 260 |
_bTechniques de l'ingénieur,
_c2025. |
||
| 856 | 4 | 1 | _uhttps://stm.cairn.info/techniques-de-l-ingenieur-nanosciences-reglementation-securite-et-toxicite--42680210?lang=fr&redirect-ssocas=7080 |
| 999 |
_c1906072 _d1906072 |
||